LEADER 03359nam 2200637 a 450 001 9910968746403321 005 20251117091956.0 010 $a9786611127176 010 $a1-135-21029-2 010 $a1-281-12717-5 010 $a0-203-95982-5 010 $a1-283-60492-2 010 $a9786613917379 010 $a1-135-21030-6 024 7 $a10.4324/9780203959824 035 $a(CKB)2670000000256744 035 $a(EBL)1024460 035 $a(OCoLC)811505511 035 $a(MiAaPQ)EBC292385 035 $a(MiAaPQ)EBC1024460 035 $a(MiAaPQ)EBC5120151 035 $a(OCoLC)144369308 035 $a(EXLCZ)992670000000256744 100 $a20051103d2006 uy 0 101 0 $aeng 135 $aur|n|---||||| 181 $ctxt$2rdacontent 182 $cc$2rdamedia 183 $acr$2rdacarrier 200 10$aFairy tales and the art of subversion $ethe classical genre for children and the process of civilization /$fJack Zipes 205 $a2nd ed. 210 $aNew York $cRoutledge$d2006 215 $a1 online resource (256 p.) 300 $aDescription based upon print version of record. 311 08$a0-415-97669-3 320 $aIncludes bibliographical references (p. 227-237) and index. 327 $aCover; Title Page; Copyright Page; Table of Contents; Acknowledgments; Preface to the Second Edition; 1 Fairy-Tale Discourse: Toward a Social History of the Genre; 2 The Origins of the Fairy Tale in Italy: Straparola and Basile; 3 Setting Standards for Civilization through Fairy Tales: Charles Perrault and the Subversive Role of Women Writers; 4 Who's Afraid of the Brothers Grimm? Socialization and Politicization through Fairy Tales; 5 Hans Christian Andersen and the Discourse of the Dominated 327 $a6 Inverting and Subverting the World with Hope: The Fairy Tales of George MacDonald, Oscar Wilde, and L. Frank Baum7 The Battle over Fairy-Tale Discourse: Family, Friction, and Socialization in the Weimar Republic and Nazi Germany; 8 The Liberating Potential of the Fantastic in Contemporary Fairy Tales for Children; 9 Walt Disney's Civilizing Mission: From Revolution to Restoration; Notes; Bibliography; Index 330 $aThe fairy tale may be one of the most important cultural and social influences on children's lives. But until Fairy Tales and the Art of Subversion, little attention had been paid to the ways in which the writers and collectors of tales used traditional forms and genres in order to shape children's lives - their behavior, values, and relationship to society. As Jack Zipes convincingly shows, fairy tales have always been a powerful discourse, capable of being used to shape or destabilize attitudes and behavior within culture.For this new edition, the author has revised the work 606 $aFairy tales$xHistory and criticism 606 $aChildren$xBooks and reading 606 $aSocialization 606 $aMoral development 615 0$aFairy tales$xHistory and criticism. 615 0$aChildren$xBooks and reading. 615 0$aSocialization. 615 0$aMoral development. 676 $a398.209 700 $aZipes$b Jack$f1937-$0192521 801 0$bMiAaPQ 801 1$bMiAaPQ 801 2$bMiAaPQ 906 $aBOOK 912 $a9910968746403321 996 $aFairy Tales and the art of subversion$91730632 997 $aUNINA